00673 2200265 4500001002100000005001700021008004100038035002400079082001200103090001900115100002000134245006100154250001000215260002900225300002500254650002200279700001200301850001500313980001300328985000600341999001500347999001500362999001500377999001500392YOGYA-0209000003258120090227024709.0 ind  0010-020900000032581 a342.068 a342.068bJat H aJATMIKA, Sastra aHukum kepegawaian di IndonesiacSastra Djatmika, Martono aCet.2 aJakartabDjambatanc1975 axiii, 251 hlmc21 cm aHukum kepegawaian aMartono aYOPDYOG(B) a25-12-06 a4 a06A0017531 a06A0017532 a06A0017533 a06A0017534